| 000 | 00417nam a22001457a 4500 | ||
|---|---|---|---|
| 020 | _qHB. | ||
| 040 | _cFizza Ishaq | ||
| 082 |
_a709 _bGEO |
||
| 100 |
_aHutchins, Maynard Robert. _9133482 |
||
| 245 |
_aGreat Books of the Western World / _cRobert Maynard Hutchins. |
||
| 250 | _aVol 47. | ||
| 260 |
_aChicago : _bEncyclopedia Britannica, Inc, _c1952. |
||
| 300 |
_a294 p. ; _c6.3 x9.5 x .4 inches |
||
| 942 |
_2ddc _cBK |
||
| 999 |
_c616445 _d616445 |
||